02396cam a2200361 i 45000010008000000030009000080050017000170070008000340080035000420150006000770170009000830200018000920350006001100400025001160800006001410820020001471000040001672450268002072500018004752600044004933000025005374900041005625000048006035000030006515051105006817000027017867000035018137000041018487000039018897000030019287000035019588300041019930000649DO-SdBNP20171109102223.00000649100514s 2003 sp a | 000 f spa  a  a b  a9788497510141 a  aBPMSUbspacBPMSUe  a  4a371.914 bA185d1 aAcosta Rodríguez, Víctor Manuel10aDificultades del lenguaje, colaboración e inclusión educativa bmanual para logopedas, psicopedagogos y profesores /cVíctor Manuel Acosta Rodríguez, Ana M. Moreno Santana ; colaboradores Manuel almeida Suárez...[et.al] ;prólogo Carmen García Pastor aReimpr. 2010.0 aBarcelona :bArs Medica,bLexus,c2003. a265 p.: bil.c25 cm aComunicación, lenguaje y logopedia aIncluye índice alfabético de materias.  aIncluye bibliografías 2 tFunción social del lenguaje --tLa orientación psicolingüistica en el estudio del lenguaje --tEl lenguaje desde una teoría de la acción: de la teoría del significado a la teoría de la comunicación --tComunicación, lenguaje y poder: la dimensión relacional en el aula --tEl lenguaje oral como instrumento de mediación en la comunicación didáctica --tIntervención en el lenguaje en una escuela inclusiva --tIntervención colaborativa: logopedas y profesores trabajando juntos --tEl tratamiento de las dificultades del lenguaje desde la acción --tIdentificación y evaluación de los problemas del lenguaje en niños con dificultades comunicativas --tEvaluación del lenguaje. Contexto familiar y escolar --tProblemas del lenguaje: impacto en la alfabetización, el rendimiento escolar y la conducta --tInterpretación educativa del trastorno específico del lenguaje: consecuencias para la práctica en contextos escolares --tLenguaje oral y dificultades de aprendizaje --tAutismo, comunicación y educación --tÍndice alfabético de materias --12aMoreno Santana, Ana M.12aAlmeida Suárez, Manuelecol.12aÁlvarez Núñez, Quintínecol.12aBustos Guadaño, Eduardo deecol.12aRío, María José del12aGarcía Pastor, Carmeneprol. aComunicación, lenguaje y logopedia